Responses for show #2107 - Tuesday, November 2, 1993

Drawing for Season 3 & Season 4 players for the 10th Anniversary Tournament.

Contestants

Michael Keller, a meeting planner from Forest Hills, New York

Ann Hutcheson, a librarian from Colts Neck, New Jersey

Peter Gay, a graphic designer from Stoughton, Massachusetts (whose 1-day cash winnings total $14,801)

Jeopardy! Round responses

BALLET
TV TRIVIA
LEATHER
HISTORY
CARD GAMES
STARTS WITH "L"
    $100 24
2

Michael
    $100 1
Sanford and Son

Peter
    $100 5
kangaroo

Peter
    $100 13
PLO (Palestine Liberation Organization)

Peter
    $100 12
10

Peter
    $100 7
lighthouse

Michael
    $200 26
Mozart

Michael
    $200 2
Alvin

Michael
    $200 18
(Ann: What are acids?)

hair

Ann
Triple Stumper
    $200 14
Joan of Arc

Peter
    $200 19
five of a kind

Peter
    $200 8
lazy susan

Peter
    $300 27
American Ballet Theatre

Triple Stumper
    $300 3
Radar

Ann
    $300 21
suede

Michael
    $700 15
Jerusalem

Peter
    $300 20
26

Michael
    $300 9
lodge

Ann
    $400 28
[end-of-round signal sounds]

Italy

Peter
    $400 4
Puerto Rico

Michael
    $400 22
chamois

Peter
    $400 16
Shaka

Triple Stumper
    $400 25
(Alex: Less than a minute to go in the round.)

grand slam

Triple Stumper
    $400 10
(Ann: What is a possum?)

lemurs

PeterAnn
    $500 6
Barnabas (Collins)

Michael
    $500 23
patent leather

Ann
    $500 17
Queen Christina

Michael
    $500 11
lugubrious

Michael

Scores at the first commercial break (after clue 15):

Peter Ann Michael
$1,900 $200 $1,700

Scores at the end of the Jeopardy! Round:

Peter Ann Michael
$2,900 $500 $3,100

Double Jeopardy! Round responses

WORLD GEOGRAPHY
1845
THE ELEMENTS
HERBS & SPICES
LITERATURE
NORSE MYTHOLOGY
    $200 6
China

Peter
    $200 26
Florida

Ann
    $200 16
oxygen

Michael
    $200 1
oregano

Michael
    $200 21
London & Paris

Peter
    $200 11
Adam & Eve

Ann
    $400 7
Chile

Ann
    $400 27
Annapolis (Maryland)

Michael
    $400 17
Sulphur

Ann
    $400 2
paprika

Ann
    $400 22
(Ann: Who is Becky Thatcher?)

Aunt Polly

PeterAnn
    $400 12
ship

Peter
    $600 8
(Peter: What is Australia?)

New Zealand

PeterMichael
    $600 18
(Michael: What is France?)
(Alex: Need the element.)

Francium

PeterMichael
    $600 3
(MIchael: What is mint?)
(Alex: More specific...)

peppermint

AnnMichael
    $600 23
Slaughterhouse-Five

Peter
    $600 13
Thor

Michael
    $800 9
American Samoa

Triple Stumper
    $800 19
(Peter: What is fluoron?)
(Michael: What is fluoride?)

fluorine

PeterMichael
Triple Stumper
    $800 4
nutmeg

Triple Stumper
    $500 24
(Alex: Less than a minute to go in the round.)

Arthur Dimsdale

Peter
    $800 14
Valhalla

Michael
    $1000 10
(Peter: What are the Caucasuses?)

Caucasus

Peter
    $1000 28
[The end-of-round signal sounds.]

Neptune

Michael
    $700 20
(Peter: What is Tungsten?)

Hydrogen

Peter
    $1000 5
(Michael: What is anise?)

fennel

Michael
Triple Stumper
    $1000 25
Pilar

Triple Stumper
    $1000 15
Loki

Peter

Scores at the end of the Double Jeopardy! Round:

Peter Ann Michael
$5,700 $2,300 $3,900

[wagering suggestions for these scores]

Final Jeopardy! Round responses

PULITZER PRIZE WINNERS
[After game ends, Alex stands in front of board & reads list of eligible players (they were semifinalists in their Tournament of Champions) from Seasons 3 & 4 for the 10th Anniversary Tournament. Michael is called up to board & draws one name from each season; those being Doug Molitor from Season 3 & Roy Holliday from Season 4.]
AnnWho is Donahue
$2,250
MichaelWho is Studs Terkel?
$3,900
PeterWho is ?
$2,101
Studs Terkel

Final scores:

Peter Ann Michael
$3,599 $50 $7,800
2nd place: Bassett Legend dining room set & Cuthbertson dinnerware + Jeopardy! '92 home game 3rd place: Jules Jurgensen ladies' quartz watch + Jeopardy! '92 home game New champion: $7,800 + Jeopardy! '92 home game

Game dynamics:

Coryat scores:

Peter Ann Michael
$6,300 $2,300 $3,900
20 R
(including 2 DDs),
3 W
(including 1 DD)
9 R,
3 W
17 R,
4 W

Combined Coryat: $12,500

The J! Archive is created by fans, for fans. The Jeopardy! game show and all elements thereof, including but not limited to copyright and trademark thereto, are the property of Jeopardy Productions, Inc. and are protected under law. This website is not affiliated with, sponsored by, or operated by Jeopardy Productions, Inc. Join the discussion at JBoard.tv.